000 nam a22 7a 4500
999 _c328879
_d328879
003 ASAB
005 20180117115808.0
008 170418b xxu||||| |||| 00| 0 eng d
020 _a978-81-7758-181-2
040 _cASAB
082 _a572.60285
245 _aProtein bioinformatics
_bfrom sequence to function
_cby M. Michael Gromiha
260 _aIndia
_bElsevier = (Printed in india by) Replika Press Pvt. Ltd.
_cc2010
300 _a320 P.
630 _aBioinformatics
_95406
630 _aProtein Bioinformatics
_98545
942 _2ddc
_cBK